000
00381nam a2200145Ia 4500
008
100122s9999 xx 000 0 und d
082
_b
13119
_a
915.479
100
_a
मोकाशी दि बा
245
_a
पालखी
260
_b
मौज प्रकाशन
_c
1965
300
_a
160
630
_a
पालखी
730
_a
पालखी
942
_c
BOOK
999
_c
404001
_d
403998